| 000 | 00446nam a2200157 4500 | ||
|---|---|---|---|
| 005 | 20260223100158.0 | ||
| 008 | 260223b |||||||| |||| 00| 0 eng d | ||
| 020 | _a9789350258910 (hbk) | ||
| 040 | _cPK-LaUMT | ||
| 082 |
_a617.645 _bPRI- |
||
| 245 |
_aPrinciples and pratice of pedodontics / _cedited by Arathi Rao |
||
| 250 | _a3rd ed. | ||
| 260 |
_aNew Delhi : _bJaypee Brothers Medical Publishers, _c2012 |
||
| 300 | _a508 p. | ||
| 942 | _cBK | ||
| 999 |
_c139834 _d139834 |
||